Statystyki dla Top 10 państw Azji o najdłuższej linii brzegowej

Kliknij tutaj aby rozwiązać quiz!

Ogólne statystyki

  • Ten quiz został rozwiązany 23 391 razy
  • Średni wynik to 8 z 10

Statystyki odpowiedzi

kmPaństwo% Poprawnych
16,800Chiny
97%
11,000Indie
95%
52,900Rosja
95%
15,500Japonia
94%
52,500Indonezja
88%
5,780Wietnam
71%
5,270Malezja
65%
17,300Filipiny
63%
6,330Mjanma
47%
5,160Turcja
41%

Rozkład punktacji

Percentyl według liczby udzielonych odpowiedzi

Procent ludzi z każdym wynikiem

Twoja historia wyników

Nie rozwiązałeś tego quizu